00749nam a2200229 a 4500001001300000003000900013005001700022008004100039020002300080082001500103100002100118245010000139260004200239300000900281500003500290650001300325700002100338902000800359942000700367952012800374999001700502nice12345678IN_TiNIC20260116014841.0080402s2006 newa grp 000 0 eng  a8130703270 c85000a305.4bCHA aChannasubhadra,  aReadings in Feminist Theoryb Thought and Types of Theory, Perspectives on Feminiasm, Behaviour aNew Delhi bCosmo Publications c2006 a321p aincludes index and biblioraphy aFeminism1 aChannasubhadra,  bSRS cBK 001040708StackRoom-aHMIbHMId2010-11-18g850.00l3o305.4 CHAp022332r2022-09-26s2022-09-23v850.00w2008-04-02yBK c17268d17268